75 Jahre ARD - Die beliebtesten Kindersendungen - Statistiken

Allgemein
  • Dieses Quiz wurde 125 mal gespielt
    107 seit der letzten Aktualisierung
  • Das Durchschnittsergebnis liegt bei 6 aus 10
Antwortstatistiken
# Charaktere Genre Erstausstrahlung Sendung % Korrekt
6 Ernie, Bibo, Krümelmonster Puppenserie,Sketch Comedy seit 1973 Sesamstraße
98%
3 Annika Settergren, Kleiner Onkel,
Donner-Karlsson
Komödie 1971-1981 Pippi Langstrumpf
91%
1 Elefant, Käpt'n Blaubär,
Kleiner Maulwurf
Wissenssendung seit 1971 Die Sendung mit der Maus
90%
2 Jim Knopf, Sams,
Urmel
Puppenserie 1953-2011 Augsburger Puppenkiste
78%
8 / Wissenssendung seit 2001 Wissen macht Ah!
76%
5 Frau Elster, Schnatterinchen,
Kalli
Stop-Motion,Abendgruß seit 1991 Unser Sandmännchen
63%
9 Natascha Jaonzäns, Nina Pellicano, Marie Krogmann Krimiserie 1999-2005,2008-2019, seit 2021 Die Pfefferkörner
61%
10 / Wissenssendung 2002-2011 Willi wills wissen
23%
7 Ellen Miller, Timmy Martin, Corey Stuart Abenteuer,Drama 1958-1966 Lassie
18%
4 Frau Eichinger, Schorsch Bernbacher,
Toni Schmitt
Fantasy,Komödie seit 1982 Meister Eder und sein Pumuckl
16%
Keine übereinstimmenden Quizze gefunden
Verteilung der Resultate
Anzahl Personen mit jedem Resultat
Perzentil nach korrekt beantworteten Fragen
Ihre Resultats-Entwicklung
Sie haben dieses Quiz seit der letzten Aktualisierung nicht gespielt